000
00188nam a22000977a 4500
082
_a
494
_b
SHA/B
245
_a
BHUDHADEV
260
_a
DELHI
_b
DREAMLINED
650
_a
STORY
_z
DELHI
942
_c
BK
999
_c
4584
_d
4584